000 00517nam a2200193Ia 4500
005 20250508154127.0
008 008 250505s9999 xx 000 0 eng d
037 _aTextBook
040 _aFEDL
_beng
_cFEDL
041 _aeng
_2eng
084 _a301, LIP
_qFEDL
100 _aLippmann Walter
_980619
245 0 _aGood society
260 _aNew York, USA
_bGrosset's University Library
_c1936
300 _axxviii,462p.
650 _aSociology
942 _cTB
_h301, LIP
999 _c1347856
_d1347856